000
00339 a2200157 4500
001
173992
020
_a
040
_c
Magnum
100
_a
Faria, Ana Lucia G. de
240
1
0
_a
Ideologia no livro didatico
_l
por
245
1
0
_a
Ideologia no livro didatico
362
0
_a
1899
440
1
_a
Cortez
697
_a
SOCIOLOGIA
942
_c
BK
999
_c
173992
_d
173992